| 000 | 00000nam##2200000za#4500 |
| 001 | 9.574135 |
| 003 | CaOODSP |
| 005 | 20210624184033 |
| 007 | cr ||||||||||| |
| 008 | 150406|2004||||xxc|||||o f|0| 0 eng|d |
| 022 | |a1488-5379 |
| 040 | |aCaOODSP|beng |
| 043 | |an-cn--- |
| 086 | 1 |aFs97-6/2553E-PDF |
| 110 | 1 |aCanada. |bDepartment of Fisheries and Oceans. |
| 245 | 10|aURCHIN - manually-deployed geo-referenced video system for Underwater Reconnaissance and Coastal Habitat Inventory / |h[electronic resource]|cby M.B. Strong and P. Lawton. |
| 260 | |aSt. Andrews - New Brunswick : |bFisheries and Oceans Canada |cc2004. |
| 300 | |a30p.|bfigs., references, photographs |
| 490 | 1 |aCanadian technical report of fisheries and aquatic sciences|x1488-5379|vNo. 2553 |
| 500 | |aIncorrect catalogue number (FS97-6/xxxxE) and the ISSN (0706-6457) for the print edition have been copied in this electronic publication. |
| 546 | |a(Résumé en français) |
| 590 | |a12-23-Supp|b2012-05-28 |
| 720 | 1 |aLawton, P. |
| 720 | 1 |aStrong, M.B. |
| 776 | 0#|tURCHIN - Manually-deployed geo-referenced video system for Underwater Reconnaissance and Coastal Habitat Inventory / |w(CaOODSP)9.617339 |
| 830 | #0|aCanadian technical report of fisheries and aquatic sciences,|x1488-5379|vNo. 2553|w(CaOODSP)9.504449 |
| 856 | 40|ahttp://publications.gc.ca|qPDF|s6.98 MB|uhttps://publications.gc.ca/collections/collection_2012/mpo-dfo/Fs97-6-2553-eng.pdf|yNo. 2553 |